Statistics for Top 100 Football Transfer Records

Click here to take the quiz!

General Stats

  • This quiz has been taken 155 times
  • The average score is 57 of 100

Answer Stats

RankNameClubSeasonFee% Correct
1NeymarParis Saint-Germain17/18€222.00m
100%
24NeymarFC Barcelona13/14€88.00m
100%
22NeymarAl-Hilal SFC23/24€90.00m
100%
20Cristiano RonaldoReal Madrid09/10€94.00m
98%
9Cristiano RonaldoJuventus FC18/19€117.00m
98%
2Kylian MbappéParis Saint-Germain18/19€180.00m
97%
3Philippe CoutinhoFC Barcelona17/18€135.00m
94%
7Antoine GriezmannFC Barcelona19/20€120.00m
92%
4Ousmane DembéléFC Barcelona17/18€135.00m
90%
10Declan RiceArsenal FC23/24€116.60m
89%
17Harry KaneBayern Munich23/24€95.00m
88%
5João FélixAtlético de Madrid19/20€127.20m
88%
14Paul PogbaManchester United16/17€105.00m
87%
15Jude BellinghamReal Madrid23/24€103.00m
86%
8Jack GrealishManchester City21/22€117.50m
85%
16Gareth BaleReal Madrid13/14€101.00m
84%
12Eden HazardReal Madrid19/20€115.00m
81%
6Enzo FernándezChelsea FC22/23€121.00m
81%
30Romelu LukakuManchester United17/18€84.70m
81%
47Romelu LukakuInter Milan19/20€74.00m
81%
13Romelu LukakuChelsea FC21/22€113.00m
81%
11Moisés CaicedoChelsea FC23/24€116.00m
80%
33Luis SuárezFC Barcelona14/15€81.72m
77%
64Bruno FernandesManchester United19/20€65.00m
75%
43Kai HavertzArsenal FC23/24€75.00m
75%
37Kai HavertzChelsea FC20/21€80.00m
75%
31Virgil van DijkLiverpool FC17/18€84.65m
75%
41Zinédine ZidaneReal Madrid01/02€77.50m
75%
21Josko GvardiolManchester City23/24€90.00m
73%
28Darwin NúñezLiverpool FC22/23€85.00m
71%
84Erling HaalandManchester City22/23€60.00m
71%
18Randal Kolo MuaniParis Saint-Germain23/24€95.00m
71%
25Harry MaguireManchester United19/20€87.00m
70%
42Kevie De BruyneManchester City15/16€76.00m
66%
19AntonyManchester United22/23€95.00m
65%
50Rúben DiasManchester City20/21€71.60m
65%
29Jadon SanchoManchester United21/22€85.00m
63%
23Gonzalo HiguaínJuventus FC16/17€90.00m
59%
59Matthijs de LigtBayern Munich22/23€67.00m
59%
27Matthijs de LigtJuventus FC19/20€85.50m
59%
53Mykhaylo MudrykChelsea FC22/23€70.00m
58%
72Raheem SterlingManchester City15/16€63.70m
58%
100Raheem SterlingChelsea FC22/23€56.20m
58%
26Frenkie de JongFC Barcelona19/20€86.00m
57%
40Kepa ArrizabalagaChelsea FC18/19€80.00m
57%
44Victor OsimhenSSC Napoli20/21€75.00m
57%
46Ángel Di MaríaManchester United14/15€75.00m
56%
74Ángel Di MaríaParis Saint-Germain15/16€63.00m
56%
56Zlatan IbrahimovićFC Barcelona09/10€69.50m
56%
36Aurélien TchouaméniReal Madrid22/23€80.00m
55%
32Dusan VlahovicJuventus FC21/22€83.50m
55%
48Rasmus HøjlundManchester United23/24€73.90m
55%
55RodriManchester City19/20€70.00m
55%
54Alexander IsakNewcastle United22/23€70.00m
54%
75AlissonLiverpool FC18/19€62.50m
54%
38Lucas HernándezBayern Munich19/20€80.00m
54%
51CasemiroManchester United22/23€70.65m
53%
63Gonçalo RamosParis Saint-Germain24/25€65.00m
52%
45James RodríguezReal Madrid14/15€75.00m
52%
52Dominik SzoboszlaiLiverpool FC23/24€70.00m
51%
35Wesley FofanaChelsea FC22/23€80.40m
50%
39Nicolas PépéArsenal FC19/20€80.00m
47%
88OscarShanghai Port16/17€60.00m
47%
67Edinson CavaniParis Saint-Germain13/14€64.50m
45%
60KakáReal Madrid09/10€67.00m
45%
61Álvaro MorataChelsea FC17/18€66.00m
44%
66Aymeric LaporteManchester City17/18€65.00m
44%
90Luís FigoReal Madrid00/01€60.00m
43%
96Benjamin MendyManchester City17/18€57.50m
42%
83Jérémy DokuManchester City23/24€60.00m
42%
97Lisandro MartínezManchester United22/23€57.37m
42%
71Pierre-Emerick AubameyangArsenal FC17/18€63.75m
42%
58Riyad MahrezManchester City18/19€67.80m
42%
79Christopher NkunkuChelsea FC23/24€60.00m
41%
93Fernando TorresChelsea FC10/11€58.50m
40%
57Achraf HakimiParis Saint-Germain21/22€68.00m
38%
85Miralem PjanicFC Barcelona20/21€60.00m
38%
65Joaõ CanceloManchester City19/20€65.00m
37%
68Mason MountManchester United23/24€64.20m
36%
69Sandro TonaliNewcastle United23/24€64.00m
36%
89Anthony MartialManchester United15/16€60.00m
35%
94RicharlisonTottenham Hotspur22/23€58.00m
35%
87Diego CostaAtlético de Madrid17/18€60.00m
32%
62Marc CucurellaChelsea FC22/23€65.30m
31%
49Thomas LemarAtlético de Madrid18/19€72.00m
30%
77Matheus NunesManchester City23/24€62.00m
29%
76Roméo LaviaChelsea FC23/24€62.10m
29%
86Naby KeïtaLiverpool FC18/19€60.00m
28%
92Ben WhiteArsenal FC21/22€58.50m
27%
70Christian PulisicChelsea FC18/19€64.00m
24%
80Manuel UgarteParis Saint-Germain23/24€60.00m
24%
82MalcomAl-Hilal SFC23/24€60.00m
23%
81OtávioAl-Nassr FC23/24€60.00m
23%
95RaphinhaFC Barcelona22/23€58.00m
23%
98JorginhoChelsea FC18/19€57.00m
22%
78Tanguy NdombéléTottenham Hotspur19/20€62.00m
22%
34Arthur MeloJuventus FC20/21€80.60m
20%
99Hérnan CrespoSS Lazio00/01€56.81m
20%
91FredManchester United18/19€59.00m
19%
73Luka JovicReal Madrid19/20€63.00m
16%

Score Distribution

Percentile by Number Answered

Percent of People with Each Score

Your Score History

You have not taken this quiz